BIBLIOTECA PODER JUDICIAL
Portal Judicial TDF

El principio de autonomía en las uniones convivenciales dentro del derecho argentino / (Registro nro. 5395)

000 -LEADER
fixed length control field 01628nab a22002657a 4500
003 - CONTROL NUMBER IDENTIFIER
control field OSt
005 - DATE AND TIME OF LATEST TRANSACTION
control field 20250311113420.0
008 - FIXED-LENGTH DATA ELEMENTS--GENERAL INFORMATION
fixed length control field 190604e xxu||||| |||| 00| 0 spa d
040 ## - CATALOGING SOURCE
Transcribing agency PJ
100 ## - MAIN ENTRY--PERSONAL NAME
9 (RLIN) 4616
Personal name Copello Barone, Natalia P.
245 13 - TITLE STATEMENT
Title El principio de autonomía en las uniones convivenciales dentro del derecho argentino /<br/>
Statement of responsibility, etc Natalia P. Copello Barone.
260 ## - PUBLICATION, DISTRIBUTION, ETC. (IMPRINT)
Place of publication, distribution, etc Ciudad Autónoma de Buenos Aires :
Name of publisher, distributor, etc Thomson Reuters La Ley,
Date of publication, distribution, etc 2024.
300 ## - PHYSICAL DESCRIPTION
Extent p. 159-167
500 ## - GENERAL NOTE
General note Cita Online: TR LALEY AR/DOC/1902/2024.
505 ## - FORMATTED CONTENTS NOTE
Formatted contents note Sumario: I. Introducción.— II. Influencia del derecho constitucional de los derechos humanos en el ámbito del derecho de familia.— III. Surgimiento de la autonomía moral de la persona y su dignidad desde el plano filosófico y su construcción dentro del ordenamiento jurídico.— IV. Como se plasma efectivamente la recepción de esta dignidad y el principio de autonomía en ciertas regulaciones del derecho de familia.— V. Recepción de un nuevo derecho humano implícito.— VI. Conclusiones.— VII. Bibliografía.
505 ## - FORMATTED CONTENTS NOTE
Title ¿Te interesa el texto completo? Solicitalo al correo: koha@justierradelfuego.gov.ar<br/>
650 #0 - SUBJECT ADDED ENTRY--TOPICAL TERM
9 (RLIN) 1497
Topical term or geographic name as entry element CODIGO CIVIL Y COMERCIAL
650 #0 - SUBJECT ADDED ENTRY--TOPICAL TERM
9 (RLIN) 1053
Topical term or geographic name as entry element UNIONES CONVIVENCIALES
650 #0 - SUBJECT ADDED ENTRY--TOPICAL TERM
9 (RLIN) 3474
Topical term or geographic name as entry element AUTONOMÍA DE LA VOLUNTAD
650 #0 - SUBJECT ADDED ENTRY--TOPICAL TERM
9 (RLIN) 4051
Topical term or geographic name as entry element DERECHO A LA DIGNIDAD
650 #0 - SUBJECT ADDED ENTRY--TOPICAL TERM
9 (RLIN) 2597
Topical term or geographic name as entry element DEFENSA DEL CONSUMIDOR
650 #0 - SUBJECT ADDED ENTRY--TOPICAL TERM
9 (RLIN) 604
Topical term or geographic name as entry element TRATADOS INTERNACIONALES
773 0# - HOST ITEM ENTRY
Host Biblionumber 2714
Host Itemnumber 3171
Place, publisher, and date of publication Ciudad Autónoma de Buenos Aires : Thomson Reuters La Ley, 2014-
Title Revista anales de legislación argentina. Nº 10 - Octubre 2024.
942 ## - ADDED ENTRY ELEMENTS (KOHA)
Source of classification or shelving scheme
Koha item type Analítica Artículo de Revista

No hay ítems disponibles.

12 de Octubre 789 Ushuaia - Tel:  54(02901)441571
Horario de Atención: 8.00 a 17.00 hs. 
bibliotecaush@justierradelfuego.gov.ar
koha@justierradelfuego.gov.ar
Seguinos en nuestras redes @bibliojustdf 

Con tecnología Koha